[Event "BAN-chT Premier"]
[Site "Dhaka"]
[Date "2025.04.27"]
[Round "4.4"]
[White "Mohammad, Shakil"]
[Black "Mohammad, Minhaz Uddin"]
[Result "0-1"]
[WhiteElo "1951"]
[BlackElo "2259"]
[PlyCount "70"]
[EventDate "2025.04.24"]
[EventType "team-tourn"]
[EventRounds "9"]
[EventCountry "BAN"]
[SourceTitle "CB20_2025"]
[SourceDate "2025.05.14"]
[SourceVersion "1"]
[SourceVersionDate "2025.05.14"]
[SourceQuality "1"]
[WhiteTeam "Dipali Memorial CC"]
[BlackTeam "Bangladesh Navy"]
[WhiteTeamCountry "BAN"]
[BlackTeamCountry "BAN"]

1. d4 Nf6 2. c4 e6 3. Nc3 Bb4 4. f3 0-0 5. a3 Bxc3+ 6. bxc3 d6 7. e4 e5 8. Bd3 c5 9. Ne2 Nc6 10. Be3 b6 11. d5 Na5 12. Ng3 Ne8 13. 0-0 g5 14. Nh5 Ng7 15. Nxg7 Kxg7 16. h4 h6 17. Ra2 Ba6 18. Qe1 Bxc4 19. Bxc4 Nxc4 20. Bc1 Rg8 21. Qg3 Kf8 22. Qh3 Ke8 23. hxg5 hxg5 24. Qh7 Rg6 25. g3 Qf6 26. Rh2 Ke7 27. Kg2 b5 28. Rfh1 Qg7 29. Qh5 g4 30. Bh6 Qf6 31. fxg4 Rag8 32. Rf1 Rxh6 33. Qxh6 Qxh6 34. Rxh6 Ne3+ 35. Kf2 Nxg4+ 0-1

[Event "BAN-chT Premier"]
[Site "Dhaka"]
[Date "2025.04.26"]
[Round "3.4"]
[White "Sakline Mostafa, Sajid"]
[Black "Mohammad, Shakil"]
[Result "1-0"]
[WhiteElo "2234"]
[BlackElo "1951"]
[PlyCount "75"]
[EventDate "2025.04.24"]
[EventType "team-tourn"]
[EventRounds "9"]
[EventCountry "BAN"]
[SourceTitle "CB20_2025"]
[SourceDate "2025.05.14"]
[SourceVersion "1"]
[SourceVersionDate "2025.05.14"]
[SourceQuality "1"]
[WhiteTeam "Titas CC"]
[BlackTeam "Dipali Memorial CC"]
[WhiteTeamCountry "BAN"]
[BlackTeamCountry "BAN"]

1. d4 Nf6 2. c4 e6 3. Nf3 c5 4. d5 exd5 5. cxd5 d6 6. Nc3 g6 7. Bf4 a6 8. a4 Bg7 9. h3 0-0 10. e3 Ne8 11. Be2 Nd7 12. Bh2 b6 13. 0-0 f5 14. Nd2 Rb8 15. f4 Ndf6 16. Nc4 b5 17. axb5 axb5 18. Na5 Bd7 19. Nc6 Bxc6 20. dxc6 Nc7 21. Ra7 d5 22. e4 d4 23. e5 Ne4 24. Nxe4 fxe4 25. Bg4 Rf5 26. Qc2 d3 27. Qxc5 Bf8 28. Qf2 Qd5 29. Kh1 Qxc6 30. Bxf5 gxf5 31. Bg1 Nd5 32. Qh4 Qg6 33. Rd7 Nb6 34. Rd8 Rxd8 35. Qxd8 Nc4 36. Bc5 Qf7 37. e6 Qg7 38. e7 1-0

[Event "BAN-chT2 Borsho 2nd"]
[Site "Bangladesh"]
[Date "2021.01.21"]
[Round "2.3"]
[White "Md, Sariatullah"]
[Black "Mohammad, Shakil"]
[Result "1-0"]
[WhiteElo "2018"]
[BlackElo "1752"]
[PlyCount "61"]
[EventDate "2021.01.20"]
[EventType "team-tourn"]
[EventRounds "9"]
[EventCountry "BAN"]
[SourceTitle "CBM 200 Extra"]
[Source "ChessBase"]
[SourceDate "2021.03.31"]
[SourceVersion "1"]
[SourceVersionDate "2021.03.31"]
[SourceQuality "1"]
[WhiteTeam "Sports Bangla"]
[BlackTeam "Bangladesh Chess Arena"]
[WhiteTeamCountry "BAN"]
[BlackTeamCountry "BAN"]

1. e4 c6 2. d4 d5 3. e5 c5 4. c3 Nc6 5. a3 cxd4 6. cxd4 Bf5 7. Bd3 Bxd3 8. Qxd3 e6 9. Nc3 Nge7 10. Nf3 Nf5 11. 0-0 h5 12. Bg5 Be7 13. Bxe7 Ncxe7 14. Rac1 0-0 15. Ne2 Rc8 16. Nf4 g6 17. h3 Qd7 18. g4 hxg4 19. hxg4 Nh6 20. Ng5 Kg7 21. Nh5+ Kh8 22. Nf6 Qd8 23. Ngh7 Neg8 24. Qh3 Rxc1 25. Rxc1 Nxf6 26. Nxf6 Kg7 27. g5 Rh8 28. gxh6+ Rxh6 29. Qf3 g5 30. Rc7 g4 31. Nh5+ 1-0